Landy Niemiec - nagła śmierć - Statystyki

Ogólne statystyki
  • Ten quiz został rozwiązany 45 razy
    36 od ostatniego zresetowania
  • Średni wynik to 12 z 16
Answers on the Grid
Answers color-coded by a green-red scale on the quiz's grid according to % correct below.
Alpen
Badenia-Wirtembergia
Bawaria
Berlin
Brandenburgia
Brema
Dolna Saksonia
Flandria
Frankonia
Hamburg
Hesja
Hohenzollern
Holandia
Kolonia
Limburgia
Meklemburgia-Pomorze Przednie
Monachium
Nadrenia Północna-Westfalia
Nadrenia-Palatynat
Pomorze
Saara
Saksonia
Saksonia-Anhalt
Sauerland
Schwarzwald
Śląsk
Szlezwik-Holsztyn
Szwabia
Turyngia
Zagłębie Ruhry
 
Statystyki odpowiedzi
Odpowiedź % Poprawnych
Bawaria
95%
Brandenburgia
90%
Dolna Saksonia
90%
Badenia-Wirtembergia
86%
Berlin
81%
Brema
76%
Hamburg
76%
Meklemburgia-Pomorze Przednie
76%
Saksonia
76%
Saksonia-Anhalt
76%
Hesja
71%
Nadrenia Północna-Westfalia
71%
Nadrenia-Palatynat
67%
Szlezwik-Holsztyn
67%
Saara
62%
Turyngia
57%
Nie znaleziono quizów pasujących do podanych kryteriów
Rozkład punktacji
Procent ludzi z każdym wynikiem
Percentyl według liczby udzielonych odpowiedzi
Twoja historia wyników
Nie rozwiązałeś tego quizu od ostatniego zresetowania